000 00295nam a22001337a 4500
008 170130b xxu||||| |||| 00| 0 eng d
020 _a0815128169
041 _aeng
080 _a61
100 _a3
101 _aSHMI
245 _aADVANCES IN INTERNAL MEDICINE
_cSCHRIER, R.W
942 _2udc
_cBK
999 _c3991
_d3991